000 00964nam a22002895i 4500
001 18652
003 ES-MaACL
005 20250319063309.0
007 t|
008 020225s1993 sp ||||0| spa j
020 _a84-88306-09-1
040 _aM-BN
_bspa
_cM-BN
080 _a338.2(460)"1982/..."
100 _aVelarde Fuertes, Juan,
_9236903
_d1927-2023
245 1 4 _aLos años en que no se escuchó a Casandra o El fracaso de la expansión de 1985 a 1992 /
_cJuan Velarde Fuertes.
260 _aMadrid :
_bFundación Cánovas del Castillo,
_cD.L. 1993.
300 _a146 p ;
_c21 cm.
490 1 _aVeintiuno
500 _aIndice.
651 4 _aEspaña-
_xPolítica económica-
_y1982-1996.
_98410
710 2 _aFundación Cánovas del Castillo.
_94244
740 3 _aEl fracaso de la expansión de 1985 a 1992.
830 0 _aVeintiuno
_9180481
852 _aES-MaACL
_jL-25227
_bR.130719
942 _2udc
999 _c18652
_d18652